EPC knowledge #2 - Statistics

General Stats
  • This quiz has been taken 7 times
  • The average score is 8 of 15
Answer Stats
Question Answer % Correct
over what distance is the current WR 43.03 400m
100%
what Formula 1 team has the most wins in history ferrari
100%
what part of the body has 4 chambers heart
100%
what is the world record for this stroke 100m (nearest second) 48
67%
what planet has the most moons in our solar system jupiter
67%
what type of energy refers to movement kinetic
67%
which of these chambers is the strongest Left Ventricle
67%
who has the most assists in premier league history ryan giggs
67%
who invented penicilin Alexander Fleming
33%
what is the fastest overall stroke when swimming front crawl
33%
what is the capital of indonesia Jakarta
33%
where did icarus escape with his wings labyrinth
33%
what monster resided in there minotaur
33%
what perk allows you to hold two pistols akimbo
0%
what is the common term for perjury lying
0%
No matching quizzes found
Score Distribution
Percent of People with Each Score
Percentile by Number Answered
Your Score History
You have not taken this quiz